• 首页
  • 本馆介绍
  • 公告通知
  • 最新文献
  • 馆藏检索
  • 电子资源
  • 读者导购
  • 参考咨询
  • 我的图书馆
  • 登录
  • 详细信息显示
  • 放入我的书架
  • 预约/预借图书
  • 作者相关作品
  • 分类相关作品
  • 丛书相关作品
  • 出版社相关作品

书目信息

  • 表格格式
  • 工作单格式
  • 卡片格式
书名: An introduction to online searching
作者: Tze-chung Li.
分册号:
分册名:
出版地: Westport, Conn. :
 
出版社: Greenwood Press
出版时间: 1985.
页数: xvi, 289 p. :
开本: 22 cm.
丛书名:
中图分类号:
科图分类号:
其他分类号: G354.4
主题词:
电子资源:
000 01008cam 2200289 a 4504
001 E0730975561
005 20070226084035.78
008 040422s1985 ctua b 001 0 eng
010    @a84006686
020    @a0313242747 (lib. bdg.).
040    @aDLC@cDLC@dm/c@dOCL@dFIL
082 0  @a025.5/24 @2 19
090    @aI266.9/W84
090    @aG354.4
099    @dG354.4@ex6
100 1  @aLi, Tze-chung,@d1927-
245 13 @aAn introduction to online searching / @cTze-chung Li.
260    @aWestport, Conn. :@bGreenwood Press,@c1985.
300    @axvi, 289 p. :@bill. ;@c22 cm.
490 1  @aContributions in librarianship and information science,@x0084-9243 ;@vno. 50.
500    @aIncludes index.
504    @aBibliography: p. [273]-277.
650  0 @aInformation retrieval.
650  0 @aMachine-readable bibliographic data.
650  0 @aOnline bibliographic searching.
830  0 @aContributions in librarianship and information science ;@vno. 50.
920    @a232010@z2
    
    An introduction to online searching / / Tze-chung Li.-Westport, Conn. : : Greenwood Press, , 1985.
    xvi, 289 p. : : ill. ; ; 22 cm.- (Contributions in librarianship and information science, 0084-9243 ; no. 50. )
    Includes index.-Bibliography: p. [273]-277.
    
    ISBN 0313242747 (lib. bdg.).
    
●
相关链接 在E读中查询图书 在五车中查询图书 在当当中查询图书 在豆瓣中查询图书


正题名:introduction to online searching     索取号:G354.4/x6         预约/预借

序号 登录号 条形码 馆藏地/架位号 状态 备注
1 182632   001170761   第二样本阅览室/ [索取号:G354.4/x6] 在馆    
2 182633   001170823   第四借阅区/ [索取号:G354.4/x6] 在馆    
3 182634   001171573   第四借阅区/ [索取号:G354.4/x6] 在馆    
唐山师范学院图书馆 欢迎您!
大连网信软件有限公司© 版权所有